000 00323nam a2200121Ia 4500
008 240731s9999 xx 000 0 und d
022 _a1478-646X
245 0 _aInternational Journal of Sustainable Energy
260 _bTaylor & Francis
856 _uhttps://www.tandfonline.com/loi/gsol20
942 _2ddc
942 _cTFEJ
999 _c77267
_d77267
945 _a1
_bMadushi Gamage
_c1
_dMadushi Gamage